000 00822nas a2200289 4500
001 BR9202445
003 BR-BrBNA
005 20231205092509.0
007 ta
008 230509b bl.|||p| |||| 00| 00por d
040 _aBR-BrBNA
_bpor
_cBiblioteca Nacional de Agricultura
041 _a(Pt)
072 _aL73
100 1 _aLangoni, H.
100 1 _aCorrea, C.N.M.
100 1 _aCorrea, W.M.
100 1 _aBarros, J.A. de
100 1 _aCorrea, G.N.
245 1 _aMastites bovinas por Candida e Klebsiella
650 _aGADO LEITEIRO
650 _aMAMITE
650 _aDOENCA ANIMAL
650 _aORDENHA
773 0 _tRevista Brasileira de Medicina Veterinaria (Brazil)
_xISSN 0100-2430
_g(Nov-Dec 1985), v. 7(7) p. 203-204
_wBR9202445
909 _a202311
_bLúcia
_c55
_dLúcia Elande
942 _2AGRIS
_n0
_cANA
999 _c132148
_d132148